Normal view
MARC view
- عبد الرحيم، أحمد الطاهر
Entry Personal Name
001 - CONTROL NUMBER
- control field: 34361
003 - CONTROL NUMBER IDENTIFIER
- control field: JO-AjAnu
005 - DATE AND TIME OF LATEST TRANSACTION
- control field: 20230606075745.0
008 - FIXED-LENGTH DATA ELEMENTS
- fixed length control field: 230606|| aca||aabn | a|a d
040 ## - CATALOGING SOURCE
- Original cataloging agency: JO-AjAnu
- Transcribing agency: JO-AjAnu
100 ## - HEADING--PERSONAL NAME
- Personal name: عبد الرحيم، أحمد الطاهر
670 ## - SOURCE DATA FOUND
- Source citation: Work cat.: (JO-AjAnu)17650: عبد الرحيم، أحمد الطاهر, author, تسويق الخدمات السياحية